000 00797nam0a22002411 4500
001 rc\579995
005 20250621172432.0
035 _a(NLR Aleph) 005827751
090 _a5547268
_c5547268
100 _a20031121d1988 |||y0rusy50 ca
101 0 _arus
102 _aRU
105 _aa |||||||||
200 1 _aСчастье адмирала
_eДокум. повествование о Герое Сов. Союза И.А. Колышкине
210 _aЯрославль
_cВерх.-Волж. кн. изд-во
_d1988
215 _a139, [3] c., [8] л. ил.
_d17
320 _aБиблиогр.: с. 141
700 1 _aХаметов
_bМ.И.
_gМахмут Исхакович
801 0 _aRU
_bNLR
_gpsbo
801 1 _aRU
_bELAR
_2rusmarc
852 _aNLR
_j88-2/1165
942 _cBOOK
980 _aNB